Statystyki dla 18 Pytań z wiedzy ogólnej!

Kliknij tutaj aby rozwiązać quiz!

Ogólne statystyki

  • Ten quiz został rozwiązany 120 razy
  • Średni wynik to 12 z 18

Statystyki odpowiedzi

PytanieOdpowiedź% Poprawnych
Ile przedsionków ma serce człowieka?2
100%
Czy woda podczas zamarzania zmniejsza swoją objętość?Nie
99%
W którym roku Polska wstąpiła do Unii Europejskiej?2004 r
96%
Co jest głównym składnikiem risotto?Ryż
94%
Czy złoto jest metalem?Tak
94%
Jaki kraj ma najwięcej głowic jądrowych?USA i Rosja
94%
W jakim kraju obchodzimy święto dziękczynienia?USA
89%
Co jest głównym składnikiem atmosfery ziemskiej?Azot
87%
Z jakiego kontynentu pochodzi skunks?Ameryka Północna
81%
Zimowe igrzyska olimpijskie w Pjongczangu odbyły się w roku2018 r
77%
Z kim graniczy RPA?Namibia Botswana Zimbabwe Mozambik Suazi Lesotho
72%
Którą epoką historyczną zajmuje się mediewistyka?Średniowieczem
60%
Iloma legionistami dowodził Centurion?100
54%
Asturia jest jednym z regionówHiszpanii
42%
W jakim kraju jest najtańsza benzyna na świecie?W Wenezueli
39%
Kiedy obchodzimy dzień zwycięstwa?8 Maja
20%
W którym roku sprzedano Alaskę?1867 r
16%
Najbogatszy człowiek w historiiJohn Rockefeller
4%

Rozkład punktacji

Percentyl według liczby udzielonych odpowiedzi

Procent ludzi z każdym wynikiem

Twoja historia wyników

Nie rozwiązałeś tego quizu